MARC

LEADER 00000nam0a2200000 4500
001 324564
005 20231102003659.0
035 |a (RuTPU)RU\TPU\book\350162 
090 |a 324564 
100 |a 20161117d1949 km y0rusy50 ca 
101 0 |a rus 
102 |a RU 
105 |a y eg 000zy 
200 1 |a Термины по каучуку и резине  |e рекомендовано ВНИТО резиновой и каучуковой промышленности  |f Всесоюзное научное инженерно-техническое общество резиновой и каучуковой промышленности (ВНИТО резинщиков) ; под ред. П. И. Захарченко, Ф. И. Яшунской 
210 |a Москва  |a Ленинград  |c Госхимиздат  |d 1949 
215 |a 36 с. 
606 1 |a Каучук  |2 stltpush  |3 (RuTPU)RU\TPU\subj\14135  |9 40599 
610 1 |a резина 
610 1 |a резиновая промышленность 
610 1 |a термины 
610 1 |a определения 
610 1 |a словари 
675 |a 678.4(031)  |v 4 
702 1 |a Захарченко  |b П. И.  |4 340 
702 1 |a Яшунская  |b Ф. И.  |4 340 
712 0 2 |a Всесоюзное научное инженерно-техническое общество резиновой и каучуковой промышленности (ВНИТО резинщиков)  |c (1944-1955)  |2 stltpush  |3 (RuTPU)RU\TPU\col\22398 
801 1 |a RU  |b 63413507  |c 20161117 
801 2 |a RU  |b 63413507  |c 20191225  |g RCR 
942 |c BK